| 000 | 00918nas a2200313 4500 | ||
|---|---|---|---|
| 001 | BR2014004321 | ||
| 003 | BR-BrBNA | ||
| 005 | 20231205124246.0 | ||
| 007 | ta | ||
| 008 | 230509b bl.|||p| |||| 00| 00por d | ||
| 040 |
_aBR-BrBNA _bpor _cBiblioteca Nacional de Agricultura |
||
| 041 | _a(Pt) | ||
| 072 | _aF03 | ||
| 100 | 1 | _aBarbieri, A.P.P. | |
| 100 | 1 | _aMartin, T.N. | |
| 100 | 1 | _aMertz, L.M. | |
| 100 | 1 | _aNunes, U.R. | |
| 100 | 1 | _aConceição, G.M. | |
| 245 | 1 | _aRedução populacional de trigo no rendimento e na qualidade fisiológica das sementes | |
| 650 | _aTRIGO | ||
| 650 | _aSEMENTE | ||
| 650 | _aFISIOLOGIA VEGETAL | ||
| 650 | _aRENDIMENTO | ||
| 650 | _aQUALIDADE | ||
| 650 | _aGERMINAÇÃO | ||
| 773 | 0 |
_tRevista Ciência Agronômica (Brazil) _xISSN 0045-6888 _g(Oct-Dec 2013), v.44(4) p. 724-731 _wBR2014004321 |
|
| 909 |
_a202311 _bLúcia _c55 _dLúcia Elande |
||
| 942 |
_2AGRIS _n0 _cANA |
||
| 999 |
_c238152 _d238152 |
||